Xây dựng tiêu chuẩn về "quyền của người dân tộc thiểu số" - hướng tiếp cận cho nghiên cứu lý luận tại Việt Nam /

Salvato in:
Dettagli Bibliografici
Autore principale: Đỗ Mạc Ngân Doanh.
Natura: Articolo
Lingua:Vietnamese
Soggetti:
Tags: Aggiungi Tag
Nessun Tag, puoi essere il primo ad aggiungerne! !
Thư viện lưu trữ: Thư viện Trường Đại học Đà Lạt
LEADER 00923nam a2200277 4500
001 DLU180188697
005 ##20181123
040 # # |a DLU  |b vie 
041 # # |a vie 
044 # # |a vn 
100 # # |a Đỗ Mạc Ngân Doanh. 
245 # # |a Xây dựng tiêu chuẩn về "quyền của người dân tộc thiểu số" - hướng tiếp cận cho nghiên cứu lý luận tại Việt Nam /  |c Đỗ Mạc Ngân Doanh. 
653 # # |a Dân tộc thiểu số  
653 # # |a Nghiên cứu lý luận  
653 # # |a Quyền con người  
653 # # |a Tiêu chuẩn  
773 # # |t Nhà nước và pháp luật  |g Số 10(330), 2015, tr. 11-17 
920 # # |a Phòng Tạp chí -- Trung tâm Thông tin - Thư viện Trường Đại học Đà Lạt 
994 # # |a DLU 
900 # # |a True 
911 # # |a Hoàng Thị Huyền 
925 # # |a G 
926 # # |a A 
927 # # |a BB 
980 # # |a Thư viện Trường Đại học Đà Lạt